Lời hứa về một cây bút chì = The promise of a pencil : Hành trình từ 20 đô-la đến 250 trường học dành cho trẻ em trên toàn cầu và câu chuyện phi thường của một CEO nuôi chí thay đổi thế giới bằng giáo dục
Sách sẽ cho bạn những bài học đơn giản và thấy được thế nào tất cả mọi người có thể tìm thấy niềm đam mê của họ, phát huy tiềm năng của bản thân, sống một cuộc sống đầy ý nghĩa, niềm vui và cảm hứng....
Spremljeno u:
| Glavni autor: | |
|---|---|
| Autor kompanije: | |
| Format: | Knjiga |
| Jezik: | Vietnamese |
| Izdano: |
H.
Thế giới
2018
|
| Izdanje: | Tái bản lần thứ 2 |
| Teme: | |
| Oznake: |
Dodaj oznaku
Bez oznaka, Budi prvi tko označuje ovaj zapis!
|
| Thư viện lưu trữ: | Thư viện Trường Đại học Nam Cần Thơ |
|---|
| LEADER | 01547nam a22002297a 4500 | ||
|---|---|---|---|
| 001 | NCT_55454 | ||
| 008 | 181115b xxu||||| |||| 00| 0 vie d | ||
| 999 | |c 2671 |d 2671 | ||
| 020 | |a 9786047743988 |c 129000 | ||
| 082 | 0 | 4 | |2 23rd ed. |a 370.91724 |b B825 |
| 100 | 1 | |a Braun, Adam | |
| 245 | 1 | 0 | |a Lời hứa về một cây bút chì = |b The promise of a pencil : Hành trình từ 20 đô-la đến 250 trường học dành cho trẻ em trên toàn cầu và câu chuyện phi thường của một CEO nuôi chí thay đổi thế giới bằng giáo dục |c Adam Braun ; Hải Đăng (dịch) |
| 250 | |a Tái bản lần thứ 2 | ||
| 260 | |a H. |b Thế giới |c 2018 | ||
| 300 | |a 364 tr. |c 21cm | ||
| 520 | 3 | |a Sách sẽ cho bạn những bài học đơn giản và thấy được thế nào tất cả mọi người có thể tìm thấy niềm đam mê của họ, phát huy tiềm năng của bản thân, sống một cuộc sống đầy ý nghĩa, niềm vui và cảm hứng. | |
| 653 | |a Sách tham khảo | ||
| 710 | |a Hải Đăng |b Dịch | ||
| 942 | |2 ddc |c BK | ||
| 952 | |0 0 |1 0 |2 ddc |4 0 |6 370_917240000000000_B825 |7 0 |9 14886 |a 000001 |b 000001 |d 2018-11-15 |o 370.91724 B825 |p TK.01206 |r 2018-11-15 |v 129000.00 |w 2018-11-15 |y BK | ||
| 952 | |0 0 |1 0 |2 ddc |4 0 |6 370_917240000000000_B825 |7 0 |9 14887 |a 000001 |b 000001 |d 2018-11-15 |o 370.91724 B825 |p TK.01207 |r 2018-11-15 |v 129000.00 |w 2018-11-15 |y BK | ||
| 980 | |a Thư viện Trường Đại học Nam Cần Thơ | ||


